000 00738nam a22001697a 4500
999 _c80403
_d80403
008 201130b ||||| |||| 00| 0 eng d
040 _bger
_cSTAFF
_erda
_aISIL EINTRAGEN
041 _ager
100 _aWaldmann, Nancy
245 _aDer Braten muss noch rüber:
_bGrenze zu: Slubices Basarhändler haben sich auf die Situation eingestellt. Einen Caterer treffen die Stornierungen von Weihnachtsmenüs jedoch sehr /
_cNancy Waldmann
600 _2Junghanns, Andrea <Leiterin Kita St. Georg>
773 _dFrankfurt (Oder): Märkisches Verlags- und Druckhaus GmbH & Co KG
_g31. Jahrgang (2020) Nr. 293 vom 16.12.2020, S. 15.
_tMärkische Oderzeitung
942 _cA